[Event "Catalunya-chT GpA final"]
[Site "Barcelona"]
[Date "2019.03.23"]
[Round "2.3"]
[White "Moskalenko, Viktor"]
[Black "Gonzalez Garcia, Jose"]
[Result "1-0"]
[WhiteElo "2515"]
[BlackElo "2492"]
[PlyCount "65"]
[EventDate "2019.03.16"]
[EventType "team-tourn"]
[EventRounds "3"]
[EventCountry "ESP"]
[SourceTitle "CBM 189 Extra"]
[Source "ChessBase"]
[SourceDate "2019.06.03"]
[SourceVersion "1"]
[SourceVersionDate "2019.06.03"]
[SourceQuality "1"]
[WhiteTeam "Barcelona Escola Escacs"]
[BlackTeam "Colon Sabadell"]
[WhiteTeamCountry "ESP"]
[BlackTeamCountry "ESP"]

1. d4 d5 2. c4 c6 3. cxd5 cxd5 4. Nc3 Nf6 5. Bf4 Nc6 6. e3 a6 7. Rc1 Bf5 8. Nf3 e6 9. Qb3 Bb4 10. Ne5 0-0 11. Nxc6 Bxc3+ 12. Qxc3 bxc6 13. h4 Nh5 14. Be5 Nf6 15. Be2 h6 16. f3 Nd7 17. Bd6 Re8 18. g4 Bg6 19. h5 Bh7 20. Kf2 Nb8 21. Bg3 a5 22. b3 a4 23. b4 a3 24. Qc5 Na6 25. Qd6 Qxd6 26. Bxd6 Red8 27. Rxc6 Rxd6 28. Rxd6 Nxb4 29. Rb6 Nd3+ 30. Kg3 g5 31. hxg6 Bxg6 32. Bxd3 Bxd3 33. Rxh6 1-0